| 000 | 00469cam a2200157 a 4500 | ||
|---|---|---|---|
| 008 | 080528s2008 nyua b 001 0 eng d | ||
| 010 | _a 2008273863 | ||
| 020 | _a9780061353239 (hbk.) | ||
| 020 | _a006135323X | ||
| 050 | 0 | 0 |
_aBF448 _b.A75 2008 |
| 082 | 0 | 0 |
_a153.8/3 _222 |
| 100 | 1 |
_aAriely, Dan. _97581 |
|
| 245 | 1 | 0 |
_aPredictably irrational : _bthe hidden forces that shape our decisions / _cDan Ariely. |
| 250 | _a1st ed. | ||
| 260 |
_aNew York, NY : _bHarper, _cc2008. |
||
| 999 |
_c12071 _d12071 |
||